| 000 | 01452nam2a22003611 4500 | ||
|---|---|---|---|
| 001 | v19\rc\1876305 | ||
| 005 | 20251118180502.2 | ||
| 035 | _a(NLR Aleph) 004988421 | ||
| 090 |
_a6259628 _c6259628 |
||
| 100 | _a20080221d1911 u y0rusy50 ca | ||
| 101 | 1 |
_arus _cfre |
|
| 102 | _aRU | ||
| 105 | _ay z |||a| | ||
| 200 | 1 |
_a[Конец буржуа _eРоман _fАвториз. пер. С.А. Лопашева и С.Д. Ч. 2 _gПод ред. В.М. Фриче] |
|
| 210 | _d1911 | ||
| 215 | _a[4], 283-500 с. | ||
| 461 | 0 |
_1001v19\rc\1876300 _12001#$a... Собрание сочинений$eТ. 1-4$fКамилл Лемонье$vТ. 4 _1700#1$aЛемонье$bК.$f1844-1913$gКамиль$3RU\NLR\AUTH\7786623$6z02790 _96259579 _aЛемонье, К. (1844-1913) _cМосква _d1910-1911 _fКамилл Лемонье _nЗвено _oТ. 1-4 _p5 т. _tСобрание сочинений _vТ. 4 |
|
| 540 | 1 | _aКонец буржуа | |
| 702 | 1 |
_aЛопашев _bС. А. _gСергей Алексеевич _4730 |
|
| 702 | 0 |
_aС. Д. _4730 |
|
| 702 | 1 |
_aФриче _bВ. М. _f1870-1929 _gВладимир Максимович _4340 |
|
| 801 | 0 |
_aRU _bNLR _gpsbo |
|
| 801 | 0 |
_aRU _bRuMoRGB _2psbo |
|
| 801 | 1 |
_aRU _bProSoft-M _2rusmarc |
|
| 852 |
_aNLR _j129/4796 |
||
| 852 |
_aNLR _j38.77.9.36 |
||
| 899 |
_aRuMoRGB _jP 17/334 |
||
| 899 |
_aRuMoRGB _jR 301/146 |
||
| 899 | _aБАН | ||
| 899 | _aГПИБ | ||
| 942 | _cBOOK | ||
| 980 | _aNB | ||